000 00731nam a2200229 4500
001 7632
003 CO-ViMGA
005 20251027141305.0
008 251027b |||||||| |||| 00| 0 eng d
020 _a9789584254009
040 _aCO-ViMGA
_bspa
_cCO-ViMGA
084 _aC GON1
100 1 _aGonzález, Tomás,
_d1950-
_91189
245 1 0 _aEl expreso del sol /
_cTomás Gonzáles.
300 _a167 páginas ;
_b24 cm.
490 _aPlan Nacional de Lectura y Escritura Leer es mi Cuento / Ministerio de Cultura
650 1 4 _aAmor en la literatura
_969
650 1 4 _aCuentos colombianos
_ySiglo XX
_91206
650 1 4 _aLiteratura colombiana
_ySiglo XX
_9427
650 1 4 _aVida cotidiana en la literatura
_967
942 _2ddc
_cBK
999 _c7632
_d7632